Statistics for All Pokemon Items

Click here to take the quiz!

General Stats

  • This quiz has been taken 399 times
  • The average score is 138 of 496

Answer Stats

TypeGen.Item% Correct
Ball1Poke Ball
99%
Ball1Great Ball
96%
Ball1Ultra Ball
96%
Ball1Master Ball
95%
Medicine1Potion
87%
Medicine1Super Potion
84%
Medicine1Hyper Potion
83%
Medicine1Max Potion
77%
Ball4Quick Ball
77%
Key Item1Bicycle
75%
Medicine1Full Restore
75%
Ball3Net Ball
75%
Ball1Safari Ball
75%
Medicine1Antidote
73%
Ball4Dusk Ball
73%
Item1Fire Stone
73%
Ball2Love Ball
71%
Medicine1Burn Heal
70%
Item1Thunder Stone
70%
Item1Water Stone
69%
Item1Leaf Stone
67%
Berry3Oran Berry
67%
Ball3Premier Ball
67%
Medicine1Revive
67%
Ball3Timer Ball
67%
Ball2Heavy Ball
66%
Medicine1Max Revive
66%
Medicine1Full Heal
65%
Ball3Dive Ball
64%
Medicine1Paralyze Heal
64%
Item1Moon Stone
63%
Battle Item1X Attack
63%
Item2Charcoal
62%
Medicine1Ice Heal
60%
Medicine1Awakening
59%
Item4Focus Sash
59%
Medicine1Iron
59%
Ball2Friend Ball
58%
Ball3Luxury Ball
58%
Ball3Nest Ball
57%
Berry3Sitrus Berry
57%
Key Item1Super Rod
57%
Battle Item1X Special
57%
Key Item1Old Rod
56%
Item2Sun Stone
56%
Battle Item1X Speed
56%
Item4Dusk Stone
55%
Ball4Heal Ball
55%
Item2Leftovers
55%
Key Item1Pokedex
55%
Ball2Moon Ball
54%
Item2Mystic Water
54%
Battle Item1Poke Doll
54%
Key Item1Town Map
54%
Ball2Fast Ball
53%
Item1Nugget
53%
Item3Choice Band
52%
Item4Dawn Stone
52%
Medicine1Ether
52%
Key Item1Good Rod
52%
Item2Black Glasses
51%
Medicine1Fresh Water
51%
Item7Ice Stone
51%
Item2Metal Coat
51%
Medicine1PP Up
51%
Medicine1Protein
51%
Item4Choice Scarf
50%
Item4Choice Specs
50%
Item/Key Item1Escape Rope
50%
Item2Focus Band
50%
Item2Kings Rock
50%
Medicine1Lemonade
50%
Key Item3 | 4Blue Orb
49%
Item/Key Item1Exp Share
49%
Medicine1Max Ether
49%
Item2Quick Claw
49%
Key Item3 | 4Red Orb
49%
Ball3Repeat Ball
49%
Battle Item1X Defend
49%
Medicine1Carbos
48%
Medicine1HP Up
48%
Ball7Beast Ball
47%
Item4Flame Orb
47%
Ball2Lure Ball
47%
Key Item1Poke Flute
47%
Item1Repel
47%
Item3Silk Scarf
47%
Berry3Cheri Berry
46%
Item1Helix Fossil
46%
Item4Shiny Stone
46%
Medicine1Soda Pop
46%
Item5Big Nugget
45%
Item2Everstone
45%
Berry3Lum Berry
45%
Item2Miracle Seed
45%
Item1Super Repel
45%
Item4Toxic Orb
45%
Medicine1Calcium
44%
Item4Magmarizer
44%
Item1Max Repel
44%
Item2Never-Melt Ice
44%
Item2Pearl
44%
Item4Black Sludge
43%
Item1Dome Fossil
43%
Medicine3Lava Cookie
43%
Ball2Level Ball
43%
Item4Life Orb
43%
Item2Light Ball
43%
Item2Magnet
43%
Medicine1Rare Candy
43%
Item4Razor Claw
42%
Item2Sharp Beak
42%
Medicine3Zinc
42%
Item2Big Pearl
41%
Ball4Cherish Ball
41%
Berry3Chesto Berry
41%
Item2Hard Stone
41%
Medicine2Moomoo Milk
41%
Item5Air Balloon
40%
Item1Old Amber
40%
Key Item3Acro Bike
39%
Battle Item1Dire Hit
39%
Item5Eviolite
39%
Key Item3Mach Bike
39%
Item3Shell Bell
39%
Item2Twisted Spoon
39%
Item2Up-Grade
39%
Battle Item1X Accuracy
39%
Item2Big Mushroom
38%
Item2Dragon Fang
38%
Item2Dragon Scale
38%
Berry3Leppa Berry
38%
Item2Lucky Egg
38%
Medicine3PP Max
38%
Item6Assault Vest
37%
Key Item3Claw Fossil
37%
Item4Damp Rock
37%
Item4Flame Plate
37%
Battle Item1Guard Spec
37%
Berry3Rawst Berry
37%
Item4Reaper Cloth
37%
Key Item3Root Fossil
37%
Key Item1Silph Scope
37%
Item3Soothe Bell
37%
Item2Amulet Coin
36%
Item2Black Belt
36%
Item4Dubious Disc
36%
Item4Iron Ball
36%
Medicine2Revival Herb
36%
Item5Rocky Helmet
36%
Item3Blue Shard
35%
Item3Red Shard
35%
Item2Smoke Ball
35%
Medicine3Blue Flute
34%
Item4Expert Belt
34%
Item3Green Shard
34%
Key Item2GS Ball
34%
Item4Honey
34%
Item2Leek
34%
Item2Poison Barb
34%
Medicine3Red Flute
34%
Item2Spell Tag
34%
Item2Tiny Mushroom
34%
Item2Bright Powder
33%
Ball5Dream Ball
33%
Medicine1Elixer
33%
Item4Griseous Orb
33%
Item3Heart Scale
33%
Medicine1Max Elixer
33%
Item4Mind Plate
33%
Ball2Park Ball
33%
Item6Pixie Plate
33%
Item4Protector
33%
Item4Razor Fang
33%
Item2Stardust
33%
Item2Star Piece
33%
Item3Yellow Shard
33%
Item4Big Root
32%
Item3Deep Sea Tooth
32%
Item4Draco Plate
32%
Item4Earth Plate
32%
Item4Lagging Tail
32%
Item4Lustrous Orb
32%
Key Item3Tea
32%
Battle Item4X Sp Def
32%
Item4Adamant Orb
31%
Item3Deep Sea Scale
31%
Item5Eject Button
31%
Item4Heat Rock
31%
Item4Icy Rock
31%
Item3Lax Incense
31%
Berry3Persim Berry
31%
Item5Red Card
31%
Item4Skull Fossil
31%
Medicine2Berry Juice
30%
Medicine3Black Flute
30%
Key Item1Coin Case
30%
Berry3Razz Berry
30%
Medicine3White Flute
30%
Medicine3Yellow Flute
30%
Item4Fist Plate
29%
Item4Insect Plate
29%
Item4Stone Plate
29%
Item3White Herb
29%
Item4Electirizer
28%
Key Item1Itemfinder
28%
Medicine4Old Gateau
28%
Item2Scope Lens
28%
Key Item1S S Ticket
28%
Item4Wide Lens
28%
Item7Electric Seed
27%
Item4Light Clay
27%
Key Item1Oaks Parcel
27%
Item2Silver Powder
27%
Item4Splash Plate
27%
Item4Spooky Plate
27%
Key Item3VS Seeker
27%
Item6Weakness Policy
27%
Berry3Aspear Berry
26%
Item7Grassy Seed
26%
Item4Iron Plate
26%
Item2Lucky Punch
26%
Item4Oval Stone
26%
Item4Zap Plate
26%
Key Item4Azure Flute
25%
Key Item3Berry Pouch
25%
Medicine5Casteliacone
25%
Item2Cleanse Tag
25%
Item6Jaw Fossil
25%
Key Item6Mega Ring
25%
Item7Misty Seed
25%
Berry3Pinap Berry
25%
Key Item4Poffin Case
25%
Item7Psychic Seed
25%
Item4Smooth Rock
25%
Item4Sticky Barb
25%
Item2Thick Club
25%
Item4Toxic Plate
25%
Key Item5DNA Splicers
24%
Item4Meadow Plate
24%
Item4Power Herb
24%
Medicine2Rage Candy Bar
24%
Medicine2Sacred Ash
24%
Item4Sky Plate
24%
Key Item7Z-Ring
24%
Item2Black Apricorn
23%
Item2Blue Apricorn
23%
Item5Comet Shard
23%
Item4Dread Plate
23%
Item3Macho Brace
23%
Item4Muscle Band
23%
Berry3Nanab Berry
23%
Item4Rare Bone
23%
Item8Rusted Shield
23%
Item8Rusted Sword
23%
Key Item5Shiny Charm
23%
Ball2Sport Ball
23%
Item4Armor Fossil
22%
Medicine2Energy Powder
22%
Item4Metronome
22%
Item5Pearl String
22%
Item2Red Apricorn
22%
Item2White Apricorn
22%
Item5Absorb Bulb
21%
Item5Cell Battery
21%
Key Item3Pokeblock Case
21%
Item4Rose Incense
21%
Item6Safety Goggles
21%
Item6Snowball
21%
Item3Soul Dew
21%
Item2Yellow Apricorn
21%
Item5Burn Drive
20%
Item4Destiny Knot
20%
Item8Exp. Candy
20%
Item5Float Stone
20%
Item2Green Apricorn
20%
Item4Icicle Plate
20%
Key Item4Lunar Wing
20%
Key Item2Rainbow Wing
20%
Key Item6Roller Skates
20%
Item6Sail Fossil
20%
Item7Terrain Extender
20%
Item4Wave Incense
20%
Item4Wise Glasses
20%
Medicine6Ability Capsule
19%
Item7Bottle Cap
19%
Item4Grip Claw
19%
Medicine2Heal Powder
19%
Item5Plume Fossil
19%
Berry3Tamato Berry
19%
Item7Adrenaline Orb
18%
Item2Berserk Gene
18%
Key Item8Dynamax Band
18%
Item8Fossilized Bird
18%
Item8Fossilized Drake
18%
Item8Fossilized FIsh
18%
Item4Full Incense
18%
Key Item1Gold Teeth
18%
Item3Mental Herb
18%
Key Item3Meteorite
18%
Item4Odd Keystone
18%
Item2Pink Apricorn
18%
Berry3Pomeg Berry
18%
Key Item2Silver Wing
18%
Item8Sweet Apple
18%
Item8Tart Apple
18%
Item6Whipped Dream
18%
Item5Balm Mushroom
17%
Key Item3Letter
17%
Key Item5Light Stone
17%
Item4Luck Incense
17%
Key Item4Oaks Letter
17%
Item4Odd Incense
17%
Item5Prism Scale
17%
Key Item2Secret Potion
17%
Item5Chill Drive
16%
Key Item5Dark Stone
16%
Key Item6Eon Flute
16%
Key Item3Eon Ticket
16%
Key Item4Gracidea
16%
Berry3Kelpsy Berry
16%
Key Item6Mega Bracelet
16%
Item4Power Band
16%
Item4Quick Powder
16%
Item5Ring Target
16%
Item8Room Service
16%
Item6Sachet
16%
Item4Shed Shell
16%
Key Item4VS Recorder
16%
Key Item3Wailmer Pail
16%
Item4Zoom Lens
16%
Item8Blunder Policy
15%
Item5Cover Fossil
15%
Item5Douse Drive
15%
Berry3Enigma Berry
15%
Key Item4Explorer Kit
15%
Key Item3Go-Goggles
15%
Item7Gold Bottle Cap
15%
Item2Metal Powder
15%
Item5Pretty Wing
15%
Item4Rock Incense
15%
Item3Shoal Salt
15%
Item5Shock Drive
15%
Medicine7Big Malasada
14%
Item5Binding Band
14%
Item3Blue Scarf
14%
Item8Fossilized Dino
14%
Key Item5Oval Charm
14%
Key Item7Ride Pager
14%
Key Item2Slowpoke Tail
14%
Key Item2Squirt Bottle
14%
Item8Ability Patch
13%
Key Item2Clear Bell
13%
Item8Cracked Pot
13%
Key Item3Devon Scope
13%
Key Item4Fashion Case
13%
Berry3Grepa Berry
13%
Berry3Hondew Berry
13%
Item2Pink Bow
13%
Item3Pink Scarf
13%
Key Item4Poke Radar
13%
Key Item2Red Scale
13%
Item3Shoal Shell
13%
Item8Throat Spray
13%
Item8Chipped Pot
12%
Medicine5Clever Wing
12%
Item8Eject Pack
12%
Item3Green Scarf
12%
Key Item7Moon Flute
12%
Item5Poke Toy
12%
Item4Power Anklet
12%
Berry3Qualot Berry
12%
Key Item5Reveal Glass
12%
Key Item8Rotom Catalog
12%
Key Item3Soot Sack
12%
Key Item3Teachy TV
12%
Key Item8Wishing Star
12%
Item3Yellow Scarf
12%
Key Item3Aurora Ticket
11%
Key Item4Jade Orb
11%
Key Item4Pal Pad
11%
Key Item2Pass
11%
Item4Power Belt
11%
Item4Power Lens
11%
Item7Protective Pads
11%
Key Item4Red Chain
11%
Item3Red Scarf
11%
Key Item8Rotom Bike
11%
Key Item7Sun Flute
11%
Item8Utility Umbrella
11%
Key Item6Aqua Suit
10%
Item6Luminous Moss
10%
Key Item6Magma Suit
10%
Key Item2Mystery Egg
10%
Berry3Pech Berry
10%
Item4Pure Incense
10%
Key Item8Reins of Unity
10%
Item5Relic Crown
10%
Medicine6Shalour Sable
10%
Battle Item3Fluffy Tail
9%
Key Item6Holo Caster
9%
Key Item2Machine Part
9%
Key Item3Magma Emblem
9%
Key Item4Magma Stone
9%
Medicine5Muscle Wing
9%
Item4Power Bracer
9%
Item6Strange Souvenir
9%
Key Item7Zygarde Cube
9%
Key Item4Apricorn Box
8%
Item8Dynamax Candy
8%
Item8Galarica Cuff
8%
Item8Galarica Twig
8%
Key Item3Old Sea Map
8%
Item4Power Weight
8%
Key Item6Prison Bottle
8%
Item7Purple Nectar
8%
Item7Red Nectar
8%
Key Item4Seal Case
8%
Key Item4Sprayduck
8%
Key Item4Tidal Bell
8%
Key Item3Tri-Pass
8%
Item8Wishing Piece
8%
Item7Yellow Nectar
8%
Key Item8Armor Pass
7%
Key Item8Camping Gear
7%
Key Item8Catching Charm
7%
Key Item8Crown Pass
7%
Item8Galarica Wreath
7%
Medicine5Genius Wing
7%
Key Item4Journal
7%
Item7Pink Nectar
7%
Item5Relic Gold
7%
Item5Relic Silver
7%
Key Item3Ruby
7%
Key Item3Sapphire
7%
Medicine5Sweet Heart
7%
Medicine5Swift Wing
7%
Item8Armorite Ore
6%
Key Item5Dragon Skull
6%
Key Item8Exp. Charm
6%
Item2Gold Leaf
6%
Medicine5Health Wing
6%
Key Item6Lens Case
6%
Key Item5Liberty Pass
6%
Battle Item8Max Mushrooms
6%
Key Item4Member Card
6%
Key Item3Mystic Ticket
6%
Key Item8Pokemon Box Link
6%
Key Item3Rainbow Pass
6%
Key Item5XTransciever
6%
Key Item4GB Sounds
5%
Key Item8Hi-Tech Earbuds
5%
Item5Relic Statue
5%
Medicine5Resist Wing
5%
Key Item3Scanner
5%
Item3Sea Incence
5%
Key Item7Sparkling Stone
5%
Key Item4Unown Report
5%
Key Item2Blue Card
4%
Key Item6Devon Scuba Gear
4%
Item8Dynite Ore
4%
Key Item2Egg Ticket
4%
Key Item8Endorsement
4%
Key Item6Intriguing Stone
4%
Key Item4Lock Capsule
4%
Key Item8Mark Charm
4%
Item5Relic Band
4%
Item5Relic Copper
4%
Item2Silver Leaf
4%
Key Item8Sonias Book
4%
Medicine2Energy Herb
3%
Key Item7Forage Bag
3%
Key Item6Honor of Kalos
3%
Medicine8Max Honey
3%
Key Item6Meteorite Shard
3%
Key Item4Old Charm
3%
Item5Relic Vase
3%
Key Item6Common Stone
2%
Key Item5Grubby Hanky
2%
Item8Heavy-Duty Booty
2%
Medicine6Luminouse Galette
2%
Key Item4Photo Album
2%
Key Item7Professors Mask
2%
Key Item6Profs Letter
2%
Key Item4Rule Book
2%
Key Item6Sprinkltoad
2%
Key Item7Surge Badge
2%
Key Item8Wooden Crown
2%
Key Item4Enigma Orb
1%
Key Item7Left Poke Ball
1%
Key Item4Point Card
1%
Key Item5Medal Box
0%
Key Item5Prob Case
0%

Score Distribution

Percentile by Number Answered

Percent of People with Each Score

Your Score History

You have not taken this quiz